MARC

LEADER 00000nam0a2200000 4500
001 121470
005 20231031125412.0
035 |a (RuTPU)RU\TPU\book\131548 
035 |a RU\TPU\book\131532 
090 |a 121470 
100 |a 20070914d1990 k y0rusy50 ca 
101 0 |a rus 
102 |a RU 
105 |a a b 000zy 
200 1 |a Вентиляторы главного и местного проветривания  |e отраслевой каталог 20-90-05  |f Центральный научно-исследовательский институт информации и технико-экономических исследований по тяжелому и транспортному машиностроению (ЦНИИТЭИТЯЖМАШ) 
210 |a Москва  |c ЦНИИТЭИтяжмаш  |d 1990 
215 |a 64 с.  |c ил. 
610 1 |a каталоги 
610 1 |a вентиляторы 
610 1 |a вентиляционное оборудование 
610 1 |a осевые вентиляторы 
610 1 |a центробежные вентиляторы 
675 |a 622.445(085)  |v 3 
712 0 2 |a Центральный научно-исследовательский институт информации и технико-экономических исследований по тяжелому и транспортному машиностроению (ЦНИИТЭИТЯЖМАШ)  |2 stltpush  |3 (RuTPU)RU\TPU\col\4421 
801 1 |a RU  |b 63413507  |c 20051208  |g PSBO 
801 2 |a RU  |b 63413507  |c 20070914  |g PSBO 
942 |c BK